|
|
|
|
| LEADER |
00725nab a2200193 i 4500 |
| 001 |
acta52254 |
| 005 |
20250402114557.0 |
| 008 |
180523s1941 hu o 000 hun d |
| 040 |
|
|
|a SZTE Egyetemi Kiadványok Repozitórium
|b hun
|
| 041 |
|
|
|a hun
|
| 245 |
0 |
0 |
|a Olvasmánytárgyalás
|h [elektronikus dokumentum] :
|b III. osztály
|
| 260 |
|
|
|c 1941
|
| 300 |
|
|
|a 377-381
|
| 490 |
0 |
|
|a Gyakorlati pedagógia
|v 6 No. 10
|
| 650 |
|
4 |
|a Társadalomtudományok
|
| 650 |
|
4 |
|a Oktatástudomány
|
| 695 |
|
|
|a Pedagógia - gyakorlati, Óravázlat, Magyar irodalom tanítása - általános iskola, Magyar irodalom - novella
|
| 700 |
0 |
1 |
|a Arany János
|
| 856 |
4 |
0 |
|u http://acta.bibl.u-szeged.hu/52254/1/gyakorlati_1941_010_377-381.pdf
|z Dokumentum-elérés
|